El reino de este mundo

Uloženo v:
Podrobná bibliografie
Hlavní autor: Carpentier, Alejo (Autor)
Médium: Kniha
Jazyk:španělština
Vydáno: Santiago Universitaria 1981
Vydání:7a. ed
Edice:Letras de América
Témata:
Tagy: Přidat tag
Žádné tagy, Buďte první, kdo vytvoří štítek k tomuto záznamu!

MARC

LEADER 00000nam a2200000 a 4500
001 UCR3336
003 CL-VaPUC
008 980124e19810000CL |||||||||||||||||spa|d
082 0 4 |a Cu863  |b CAR  |2 21 
100 0 |a Carpentier, Alejo  |e author  |9 317536 
245 1 3 |a El reino de este mundo 
250 |a 7a. ed 
300 |a 157 p 
942 |c BK 
945 |d 19980124 00:00:00  |a aolguin 
260 |a Santiago  |b Universitaria  |c 1981 
650 0 |a Novelas cubanas  |9 268276 
650 0 |a Literatura cubana  |9 315048 
583 |a last modification  |c 19980124 00:00:00  |k Rodrigo Vera 
490 0 |a Letras de América 
999 |c 266419  |d 266417 
952 |0 0  |1 0  |4 0  |6 CU_863_000000000000000_CAR_1981  |7 0  |8 R  |9 297996  |a BIBEDU  |b BIBEDU  |c MCIRC  |d 2019-11-20  |i 1938878  |l 1  |o Cu863 CAR 1981  |p 1938878  |r 2023-01-13  |s 2022-05-06  |w 2019-11-20  |y BK_R  |k LIT